| 000 | 00364 a2200121 4500 | ||
|---|---|---|---|
| 003 | Nust | ||
| 005 | 20170207154316.0 | ||
| 040 | _cNust | ||
| 245 |
_aClosing Address MCC-16 (Photo Album Vol No.1, 2000) _cMCS |
||
| 260 |
_aRawalpindi _bMCS _c28-03-2000 |
||
| 610 | _aPictures of Closing Address MCC-16 (Photo Album Vol No.1, 2000) (Soft Copy) CD-04 | ||
| 651 | _aSweet Memories-MCS | ||
| 942 | _cBK | ||
| 999 |
_c196584 _d196584 |
||